00762nam a22001577a 4500008004100000020002900041050001800070100001500088245006100103260004000164300003600204500002000240505028600260650003100546650002700577120426t xxu||||| |||| 00| 0 eng d a0471163708 9780471163701 aHD62.15.En535 aEndres, AL aImproving R & D performance the Juran way. /cAL, Endres aNew York : b John Wiley,c ©1997. axiv, 258 p. :b ill. ;c 24 cm. aIncludes index. aContents: How to think about R&D quality -- Organizing for quality in R&D -- Measuring R&D quality -- Assessing R&D quality status -- Interllectual property management process improvement -- Implementing quality in research : A case example-- Views and lessons learned at the top. aTotal quality management.  aResearch, Industrial.